000 00320nam a22001337a 4500
008 171020b xxu||||| |||| 00| 0 eng d
020 _a1878289101
041 _aeng
080 _a338
100 _a54
101 _aMIS
245 _aTHE GLOBAL ISSUES OF INFORMATION TECHNOLOGY MANAGEMENT
_cPALVIA,SH
942 _2udc
_cBK
999 _c35090
_d35090